000 01084nam a2200265 i 4500
001 177322
003 ES-MaACL
005 20250815121303.0
007 t|
008 110315s1974 sp af ||||1| spa d
080 _a74 González, Zacarías
080 _a75 González, Zacarías
100 1 _aGonzález, Zacarías.
_958393
245 1 0 _aDibujos de Zacarías González /
_cpor Ángel Rodríguez Sáinz.
260 _aMadrid :
_bIbérico Europea de Ediciones,
_ccop. 1974.
300 _a[40] p. :
_bprincipalmente il. bl. y n. ;
_c31 cm.
490 1 _aMaestros contemporáneos del dibujo y la pintura ;
_v31
500 _aEncuadernado con otros títulos.
597 _aEn el lomo: Zacarías González, Pedro Gastó, Baeza, Miguel Villà, Benet, García Llort, Joan Brotat, Mariano Peláez, Ginés Parra, Sobrado.
600 0 4 _aGonzález, Zacarías.
_958393
700 1 _aRodríguez Sáinz, Ángel
_9145646
830 0 0 _aMaestros contemporáneos del dibujo y la pintura
_v31
_9190405
852 _aES-MaACL
_jE-14689 (1)
_xOlim P-1071
999 _c177322
_d177322